000 01308cam a2200361 i 4500
001 on1225177049
003 OCoLC
005 20210209151527.0
008 201029t20202020onc 000 1 eng d
020 _a9781525806377 (hardcover)
020 _a1525806378 (hardcover)
035 _a(OCoLC)1225177049
040 _aNHP
_beng
_erda
_cNHP
_dOCLCO
_dIG$
_dTnLvILS
092 _aF Fisher
100 1 _aFisher, Tarryn,
_eauthor.
_96404146
245 1 4 _aThe wrong family /
_cTarryn Fisher.
264 1 _aToronto, Ontario, Canada :
_bGraydon House,
_c[2020]
264 4 _c©2020.
300 _a329 pages ;
_c23 cm.
336 _atext
337 _aunmediated
338 _avolume
520 _aAn off-kilter narrator witnesses the slow unraveling of a couple's strained marriage that erupts in unexpected ways, in a chilling tale of domestic suspense.
650 0 _aFamilies
_vFiction.
_95674501
650 0 _aDysfunctional families
_vFiction.
_95674215
650 0 _aRetired women
_vFiction.
_95806900
650 0 _aFamily secrets
_vFiction.
_95674538
650 0 _aMarriage
_vFiction.
_95675032
655 7 _aPsychological fiction.
_2lcgft.
_95673631
655 7 _aThrillers (Fiction)
_2lcgft.
_95697221
907 _a.b439176499
942 _2ddc
_cBOOK
999 _c358475
_d358475